| 000 | 01201cam a2200361 a 4500 | ||
|---|---|---|---|
| 001 | 5930 | ||
| 003 | FISKH | ||
| 005 | 20250210084503.0 | ||
| 008 | 050831r20042005nyu c 000 1 eng | ||
| 010 | _a 2005541167 | ||
| 020 | _a0670059404 (pbk.) | ||
| 020 | _a9780439799713 | ||
| 040 |
_aDLC _cDLC _beng _dFISKH |
||
| 042 | _alcac | ||
| 050 | _aPZ7.W15877 R | ||
| 082 | _a672 | ||
| 100 | 1 |
_aWallace, Rich _d(1957-) |
|
| 245 | 1 | 4 |
_aThe roar of the crowd / _cRich Wallace. |
| 250 | _aThis edition first published in 2005 | ||
| 260 |
_aNew York : _bScholastic, _c2004. |
||
| 300 |
_a103 pages : _c20 cm |
||
| 490 | 1 |
_aWinning season ; _v1 |
|
| 505 | _aR | ||
| 520 | _aAfter years of playing nothing but soccer in Hudson City, New Jersey, Manny has to work very hard to play on the middle school football team, using determination, speed, and smarts to make up for being small and inexperienced. | ||
| 521 |
_a680
_bLexile |
||
| 521 |
_aR
_bRaz-Plus |
||
| 650 | 1 |
_aFootball _vFiction. |
|
| 650 | 1 |
_aSelf-confidence _vFiction. |
|
| 800 | 1 |
_aWallace, Rich. _tWinning season ; _v#1. |
|
| 906 |
_a7 _bcbc _corignew _d2 _encip _f20 _gy-gencatlg |
||
| 942 |
_2ddc _cBK _n0 |
||
| 999 |
_c5930 _d5930 |
||